[Event "FRA-ch U18 Girls"]
[Site "Aix les Bains"]
[Date "2006.04.??"]
[Round "1"]
[White "Bodlenner, Camille"]
[Black "Catalan, Tiphaine"]
[Result "1-0"]
[WhiteElo "1873"]
[BlackElo "1510"]
[PlyCount "63"]
[EventDate "2006.04.??"]
[EventType "swiss"]
[EventRounds "8"]
[EventCountry "FRA"]
[SourceTitle "EXT 2007"]
[Source "ChessBase"]
[SourceDate "2006.11.23"]
[SourceVersion "1"]
[SourceVersionDate "2006.11.23"]
[SourceQuality "1"]

1. e4 e5 2. Nf3 Nc6 3. d4 exd4 4. Bc4 Be7 5. c3 Nf6 6. e5 Ng4 7. cxd4 0-0 8. 0-0 a6 9. Nc3 d6 10. h3 Nh6 11. Bxh6 gxh6 12. Bb3 Kh8 13. Bc2 Rg8 14. Kh2 Rg7 15. Rg1 Bh4 16. Qf1 Qe7 17. Nd5 Qd8 18. Nf4 dxe5 19. dxe5 Qe7 20. Nh5 Rg8 21. Qd3 f5 22. exf6 Qf7 23. Nxh4 Nb4 24. Qb3 Qxh5 25. Qxb4 Qe5+ 26. Kh1 Qh5 27. Qe4 Qf7 28. Bb3 Qxf6 29. Bxg8 Kxg8 30. Rad1 c6 31. Rge1 Qxf2 32. Rd8+ 1-0

[Event "FRA-ch U18 Girls"]
[Site "Aix les Bains"]
[Date "2006.04.??"]
[Round "8"]
[White "Catalan, Tiphaine"]
[Black "Meaudre, Flora"]
[Result "0-1"]
[WhiteElo "1510"]
[BlackElo "1985"]
[PlyCount "48"]
[EventDate "2006.04.??"]
[EventType "swiss"]
[EventRounds "8"]
[EventCountry "FRA"]
[SourceTitle "EXT 2007"]
[Source "ChessBase"]
[SourceDate "2006.11.23"]
[SourceVersion "1"]
[SourceVersionDate "2006.11.23"]
[SourceQuality "1"]

1. d4 Nf6 2. c4 c5 3. d5 e6 4. Nc3 exd5 5. cxd5 d6 6. e4 g6 7. Bf4 Bg7 8. h3 0-0 9. Nf3 Na6 10. a3 Nc7 11. Bd3 Rb8 12. a4 a6 13. Bh2 b5 14. axb5 axb5 15. e5 dxe5 16. Nxe5 Nfxd5 17. Nxd5 Qxd5 18. Nf3 Qc6 19. Qc2 Re8+ 20. Be2 Bf5 21. Qd2 Rbd8 22. Qf4 Nd5 23. Qc1 Nb4 24. Ra7 Nd3+ 0-1

[Event "FRA-ch U18 Girls"]
[Site "Aix les Bains"]
[Date "2006.04.??"]
[Round "6"]
[White "Regniez, Alexiane"]
[Black "Catalan, Tiphaine"]
[Result "0-1"]
[WhiteElo "1340"]
[BlackElo "1510"]
[PlyCount "42"]
[EventDate "2006.04.??"]
[EventType "swiss"]
[EventRounds "8"]
[EventCountry "FRA"]
[SourceTitle "EXT 2007"]
[Source "ChessBase"]
[SourceDate "2006.11.23"]
[SourceVersion "1"]
[SourceVersionDate "2006.11.23"]
[SourceQuality "1"]

1. e4 e5 2. Nc3 Nf6 3. Bc4 Nc6 4. d3 Bc5 5. Bg5 h6 6. Bh4 g5 7. Bg3 d6 8. h3 Be6 9. Bxe6 fxe6 10. Nf3 Qe7 11. Qd2 0-0-0 12. 0-0-0 Bb4 13. a3 Ba5 14. b4 Nxb4 15. axb4 Bxb4 16. Kb2 d5 17. Bxe5 dxe4 18. Nd4 Rhf8 19. Qe3 Bxc3+ 20. Kb1 Qb4+ 21. Nb3 Bxe5 0-1